| Tag |
First Indicator |
Second Indicator |
Subfields |
| LEADER |
00000cam a2200000 i 4500 |
| 001 |
in00004419921 |
| 005 |
20210728155730.0 |
| 008 |
200609t20202020vauab b 001 0beng |
| 010 |
|
|
|a 2020026602
|
| 020 |
|
|
|a 9780784415665
|q paperback
|
| 020 |
|
|
|a 0784415668
|q paperback
|
| 020 |
|
|
|z 9780784483220
|q adobe electronic book
|
| 020 |
|
|
|z 9780784483244
|q electronic publication
|
| 035 |
|
|
|a (OCoLC)on1159639949
|
| 040 |
|
|
|a DLC
|e rda
|c DLC
|d TXA
|d UtOrBLW
|
| 043 |
|
|
|a n-us---
|
| 049 |
|
|
|a TXAM
|
| 050 |
0 |
0 |
|a TA140.W76
|b P46 2020
|
| 082 |
0 |
0 |
|a 624.092
|a B
|2 23
|
| 100 |
1 |
|
|a Pennington, Steven,
|e author.
|0 http://id.loc.gov/authorities/names/n2020032664
|
| 245 |
1 |
0 |
|a Benjamin Wright :
|b father of American civil engineering /
|c Steven M. Pennington.
|
| 264 |
|
1 |
|a Reston, Virginia :
|b American Society of Civil Engineers,
|c [2020]
|
| 264 |
|
4 |
|c ©2020
|
| 300 |
|
|
|a xx, 254 pages :
|b illustrations (some color), maps ;
|c 23 cm.
|
| 336 |
|
|
|a text
|b txt
|2 rdacontent
|
| 337 |
|
|
|a unmediated
|b n
|2 rdamedia
|
| 338 |
|
|
|a volume
|b nc
|2 rdacarrier
|
| 504 |
|
|
|a Includes bibliographical references (pages 225-237) and index.
|
| 520 |
|
|
|a Pennington chronicles Wright's life and varied career from country surveyor to chief engineer of the Erie Canal to his early work on America's railroads.
|
| 600 |
1 |
0 |
|a Wright, Benjamin,
|d 1770-1842.
|0 http://id.loc.gov/authorities/names/n87912808
|
| 650 |
|
0 |
|a Civil engineers
|z United States
|v Biography.
|0 http://id.loc.gov/authorities/subjects/sh2009119982
|
| 948 |
|
|
|a cataloged
|b h
|c 2021/5/27
|d c
|e dmitchel
|f 3:00:00 pm
|
| 994 |
|
|
|a C0
|b TXA
|
| 999 |
f |
f |
|s 3c9eb1fa-41e5-3c20-a5ff-14436b17a063
|i 9473380e-1e33-36df-b745-09ac1d1de39c
|t 0
|
| 952 |
f |
f |
|p normal
|a Texas A&M University
|b College Station
|c Sterling C. Evans Library
|d Evans: Library Stacks
|t 0
|e TA140.W76 P46 2020
|h Library of Congress classification
|i unmediated -- volume
|m A14851148412
|
| 998 |
f |
f |
|a TA140.W76 P46 2020
|t 0
|l Evans: Library Stacks
|